000 00446cam a2200181ua 4500
020 _cRs 1.25
041 _aeng
_h
082 _a320.58
_bGAN/CE
100 _aGandhi, M K.
245 _aCent per cent swadeshi /
_cM K Gandhi.
_hTextual Documents
260 _aAhmadabad :
_bNavajivan publishing house ,
_c1958.
300 _a146 ; .
365 _aRs 1.25
504 _a
650 _aGandhiana
942 _cBK
999 _c1071
_d1071